[Event "Wch FIDE Online U10 America qual"]
[Site "Tornelo INT"]
[Date "2020.12.03"]
[Round "5"]
[White "Chennareddy, Yuvraj"]
[Black "Mendes, Aaron Reeve"]
[Result "0-1"]
[WhiteElo "1734"]
[BlackElo "1172"]
[PlyCount "146"]
[EventDate "2020.12.01"]
[EventType "swiss (rapid)"]
[EventRounds "7"]
[EventCountry "ISS"]
[SourceTitle "EXT 2022"]
[Source "ChessBase"]
[SourceDate "2021.10.06"]
[SourceVersion "1"]
[SourceVersionDate "2021.10.06"]
[SourceQuality "1"]

1. e4 e5 2. Nf3 Nc6 3. Bb5 a6 4. Ba4 Nf6 5. 0-0 Be7 6. Re1 d6 7. h3 0-0 8. c3 Be6 9. d4 exd4 10. cxd4 d5 11. e5 Ne4 12. Nc3 b5 13. Bc2 Nxc3 14. bxc3 Na5 15. Qd3 g6 16. Qe3 Re8 17. Qh6 Bf8 18. Qf4 Nc4 19. Ng5 Bg7 20. Nxe6 Rxe6 21. Qg3 f6 22. f4 fxe5 23. fxe5 Qd7 24. Bd1 Re7 25. Bg4 Qc6 26. Bg5 Ree8 27. Rf1 Rf8 28. Qh4 Qb6 29. Be7 Rxf1+ 30. Rxf1 Nxe5 31. Bc5 Qc6 32. Be2 Nd7 33. Qe7 Nxc5 34. dxc5 Re8 35. Qf7+ Kh8 36. Bf3 Qxc5+ 37. Kh1 Qe7 38. Qxd5 Bxc3 39. Bg4 Rf8 40. Rc1 Be5 41. Re1 Bd6 42. Qd4+ Qg7 43. Qd5 Qf6 44. Qd3 Qf4 45. Qc3+ Rf6 46. Re8+ Kg7 47. g3 Qf1+ 48. Kh2 Bxg3+ 49. Qxg3 Rf2+ 50. Qxf2 Qxf2+ 51. Kh1 Qxa2 52. Re7+ Kh6 53. Rxc7 b4 54. Rb7 b3 55. Be6 Qb1+ 56. Kh2 Qc2+ 57. Kg3 Qd3+ 58. Kh2 Qe2+ 59. Kg3 Qxe6 60. Rb4 b2 61. Rxb2 Qe5+ 62. Kh4 Qxb2 63. Kg4 g5 64. h4 gxh4 65. Kxh4 Kg6 66. Kg4 a5 67. Kh4 a4 68. Kg4 Qb4+ 69. Kh3 a3 70. Kg3 a2 71. Kh3 a1Q 72. Kg3 Qaa3+ 73. Kh2 Qbb2+ 0-1

[Event "Wch U08"]
[Site "Santiago de Compostela"]
[Date "2018.11.13"]
[Round "9"]
[White "Chennareddy, Yuvraj"]
[Black "Chen, Ryo"]
[Result "1-0"]
[WhiteElo "1497"]
[BlackElo "1573"]
[PlyCount "83"]
[EventDate "2018.11.04"]
[EventType "swiss"]
[EventRounds "11"]
[EventCountry "ESP"]
[SourceTitle "EXT 2022"]
[Source "ChessBase"]
[SourceDate "2021.10.06"]
[SourceVersion "1"]
[SourceVersionDate "2021.10.06"]
[SourceQuality "1"]

1. d4 Nf6 2. g3 g6 3. Bg2 Bg7 4. e4 d6 5. Nc3 0-0 6. Nge2 c6 7. 0-0 b5 8. e5 dxe5 9. dxe5 Nfd7 10. Nxb5 Qb6 11. e6 Qxb5 12. exd7 Bxd7 13. a4 Qb7 14. Nc3 Na6 15. Qe2 Be6 16. Bd2 Nb4 17. Rac1 Nd5 18. Nxd5 Bxd5 19. Bxd5 cxd5 20. b4 Rac8 21. Rfe1 e6 22. c4 dxc4 23. Rxc4 Rxc4 24. Qxc4 Qd7 25. Qa2 Rd8 26. Be3 Bc3 27. Rb1 Qb7 28. b5 Rd7 29. Qb3 Ba5 30. Rd1 Bb6 31. Rxd7 Qxd7 32. Bxb6 axb6 33. a5 bxa5 34. b6 a4 35. Qb4 Qb7 36. Qc5 Qd7 37. h4 a3 38. Qxa3 Qd1+ 39. Kg2 Qd5+ 40. Qf3 Qb5 41. Qa8+ Kg7 42. b7 1-0

[Event "Wch U08"]
[Site "Santiago de Compostela"]
[Date "2018.11.12"]
[Round "8"]
[White "Begmuratov, Khumoyun"]
[Black "Chennareddy, Yuvraj"]
[Result "0-1"]
[WhiteElo "1880"]
[BlackElo "1497"]
[PlyCount "130"]
[EventDate "2018.11.04"]
[EventType "swiss"]
[EventRounds "11"]
[EventCountry "ESP"]
[SourceTitle "EXT 2022"]
[Source "ChessBase"]
[SourceDate "2021.10.06"]
[SourceVersion "1"]
[SourceVersionDate "2021.10.06"]
[SourceQuality "1"]

1. Nf3 d5 2. g3 Bg4 3. Bg2 Nf6 4. 0-0 e6 5. d3 c5 6. Nbd2 Nc6 7. c3 Bd6 8. Qe1 0-0 9. e4 Qc7 10. h3 Bh5 11. b3 Rad8 12. a3 b5 13. Bb2 dxe4 14. dxe4 Be5 15. Qe3 Bxf3 16. Nxf3 Na5 17. Nxe5 Qxe5 18. Rab1 c4 19. b4 Nb3 20. Rbd1 Qc7 21. f4 Nd7 22. Bc1 Nb6 23. Bf3 Na4 24. Be2 Qb6 25. Kf2 Nxc3 26. Rxd8 Rxd8 27. Qxb6 axb6 28. Ke3 Nd4 29. Bd1 Nxd1+ 30. Rxd1 Nf5+ 31. Ke2 Nxg3+ 32. Ke1 Rxd1+ 33. Kxd1 Nxe4 34. Kc2 Nf6 35. h4 Nd5 36. Bd2 f6 37. h5 g6 38. hxg6 hxg6 39. Kd1 Kf7 40. Ke2 e5 41. fxe5 fxe5 42. Kf3 Ke6 43. Ke4 Nf6+ 44. Kf3 Kf5 45. Bc3 g5 46. Bd2 Nd5 47. Bc1 e4+ 48. Ke2 c3 49. Kf2 e3+ 50. Ke2 Ke4 51. Ke1 Nf4 52. Kd1 Kd3 53. Ke1 g4 54. Kf1 e2+ 55. Kf2 Ng2 56. Kxg2 e1Q 57. Bf4 Qe4+ 58. Kg3 Qf3+ 59. Kh4 Qxf4 60. Kh5 c2 61. Kg6 c1Q 62. Kg7 g3 63. Kh7 g2 64. Kg7 g1R+ 65. Kh7 Qh6# 0-1